[Event "Icelandic Open 2019"]
[Site "Akureyri"]
[Date "2019.05.26"]
[Round "3.6"]
[White "Gretarsson, Helgi Ass"]
[Black "Ragnarsson, Johann"]
[Result "1-0"]
[WhiteElo "2433"]
[BlackElo "1968"]
[Annotator "TA"]
[PlyCount "187"]
[EventDate "2019.05.25"]
[EventType "swiss"]
[EventCountry "ISL"]
[SourceTitle "playchess.com"]
[Source "ChessBase"]
[SourceQuality "1"]

{[%evp 10,187,7,10,10,8,22,19,13,0,11,0,0,-23,0,-11,0,0,17,0,44,10,52,39,45,35,35,35,61,35,31,0,31,29,39,33,33,14,14,12,15,9,37,28,30,0,0,0,0,0,23,7,24,0,0,0,0,5,9,2,14,8,29,28,33,33,37,29,232,195,263,267,254,262,260,251,252,250,260,254,252,116,122,29,33,8,8,8,8,8,2429,1837,5361,1708,12849,12846,29936,12849,29940,12851,29937,29937,12850,12851,29938,29938,29940,29940,29937,29938,29937,29938,29938,29939,29940,29944,29952,29958,29944,29946,29942,639,639,0,29946,29955,12850,12844,29941,29943,29950,29945,29947,29951,29962,29962,29942,29938,29956,29959,29962,29961,29965,29968,29972,29974,29974,29975,29980,29981,29982,29983,29985,29986,29986,29987,29987,29988,29987,29988,29988,29989,29990,29991,29991,29992,29992,29993,29993,29994,29994,29986,29995,29996,29996,29997,29997,29998,29998,29999]} 1. c4 e6 2. Nf3 d5 3. g3 dxc4 4. Bg2 Nf6 5. Qa4+ c6 6. Qxc4 b5 {A13: English Opening: 1...e6} 7. Qb3 (7. Qc2 Bb7 8. O-O Be7 9. d3 O-O 10. a4 a6 11. Nc3 Nbd7 12. Rd1 Rc8 13. h3 Qb6 14. e4 c5 15. Be3 Rfd8 16. Rac1 h6 17. axb5 axb5 {1-0 (73) Duda,J (2737)-Karjakin,S (2773) chess.com INT 2018}) 7... Nbd7 8. O-O Bb7 {The position is equal.} 9. d3 a6 10. Be3 $146 ({Predecessor:} 10. Nc3 c5 11. a4 c4 12. dxc4 Nc5 13. Qd1 b4 14. Nb1 Qxd1 15. Rxd1 {0-1 (51) Reinderman,D (2584)-Werle,J (2567) Amsterdam 2016}) 10... c5 11. Rc1 Ng4 12. Bd2 c4 13. dxc4 Qb6 14. Rf1 Nc5 15. Qc2 {Strongly threatening b4.} Ne4 {[%cal Rg4f2]} 16. Be1 Nexf2 17. Bxf2 Nxf2 18. Rxf2 {And now e3 would win.} Bc5 19. e3 (19. e4 {feels hotter.} Rc8 20. Nc3 Bxf2+ 21. Qxf2 Qxf2+ 22. Kxf2 Rxc4 23. Ne5) 19... Bxe3 20. Nc3 Bxf2+ (20... Rc8 {is interesting.} 21. cxb5 axb5 22. Ne5 Bxf2+ 23. Qxf2 Qxf2+ 24. Kxf2 Bxg2 25. Kxg2 b4) 21. Qxf2 Qxf2+ 22. Kxf2 bxc4 23. Nd2 (23. Bf1 {keeps more tension.} Rd8 24. Bxc4 Ke7 25. b3 Rc8 26. Na4) 23... Bxg2 24. Kxg2 Rc8 25. Na4 Rc6 26. Rc1 Ke7 27. Rxc4 Rhc8 28. b3 Rxc4 29. Nxc4 f6 30. Kf3 e5 31. Nc3 Ke6 32. Nd5 Rc5 33. Nb4 a5 $1 {[%cal Ra5b4]} 34. Nd3 Rb5 35. Ke3 g5 36. g4 h5 37. h3 hxg4 38. hxg4 Rb8 $2 (38... Rd5 $11 {and Black stays safe.}) 39. Nc5+ $1 $18 (39. Nxa5 $6 Rh8) 39... Kd5 (39... Ke7 $142 40. Nxa5 Kd6) 40. Nd7 Rh8 41. Nxf6+ Ke6 42. Ne4 $1 Rh3+ {[#]} 43. Ke2 $1 Kd5 44. Ncd2 (44. Nxg5 $6 Rh2+ 45. Kd3 Rxa2 $16) 44... a4 45. bxa4 (45. Nxg5 $18 {has better winning chances.} Rh4 46. Kf3 (46. bxa4 Rxg4 47. Nge4 Rxe4+ 48. Nxe4 Kxe4 $11)) 45... Ra3 $16 {[#]} 46. a5 (46. Nb1 $1 $16 Rxa2+ 47. Kd3) 46... Kd4 $1 $11 47. Nxg5 {aiming for Nge4.} (47. Nd6 {with more complications.} Rxa2 48. Nb5+ Kc5 49. Nc3 Ra3 50. Kd3) 47... Rxa2 48. Nge4 {next Nd6 is good for White.} Rxa5 49. g5 Ra7 $2 {[%mdl 8192]} (49... Ra3 $11) 50. Kf3 $18 Rg7 51. Kg4 Rxg5+ 52. Kxg5 Ke3 53. Kf5 (53. Kg4 $142 Kd3 54. Kf3 Kc2 55. Ke3 Kb2 56. Kd3 Ka3 57. Nc4+ Ka4 58. Kc3) 53... Kd3 54. Nf1 (54. Nb1 $142 Kc2 55. Nbd2 (55. Kxe5 Kxb1 $11) 55... Kd3 56. Ke6 (56. Kxe5 Ke3 $11) 56... Kd4 57. Kd6 Ke3 58. Kd5 (58. Kxe5 Ke2 $11) 58... Kd3 59. Nf1 (59. Kxe5 Ke3 $11)) 54... Ke2 55. Nh2 Ke3 56. Ng4+ Kd4 57. Ngf6 Kd3 58. Kg4 Kd4 59. Kf3 Kd3 60. Kf2 Kd4 61. Ke2 Kc4 62. Ke3 Kb5 63. Kd3 Kb4 64. Ng8 Kb3 65. Nd2+ (65. Nh6 $142 Kb4 66. Nf5 Kb3 67. Nd2+ Kb4 68. Ne4 Kb5 69. Ned6+ Kb4 70. Ke4) 65... Kb4 66. Ne4 Kb3 $1 67. Ne7 Kb4 68. Nc8 Kb5 69. Kc3 {White mates.} Kc6 70. Kc4 Kd7 71. Ncd6 Ke6 72. Kc5 Kd7 73. Kd5 Ke7 74. Nc4 Kd7 75. Ne3 Ke7 76. Kc6 Ke6 77. Kc7 Ke7 78. Kc8 Ke8 79. Nf5 Kf7 80. Kd7 Kg6 81. Ke6 Kh5 82. Ne3 Kg6 83. Ke7 Kg7 84. Ke8 Kg6 85. Kf8 Kh5 86. Kg7 Kh4 87. Kg6 Kh3 88. Kg5 Kh2 89. Kg4 Kh1 90. Kh3 Kg1 91. Kg3 Kh1 92. Nf2+ Kg1 93. Nh3+ Kh1 94. Ng4 {Accuracy: White = 50%, Black = 42%.} 1-0

[Event "Icelandic Open 2019"]
[Site "Akureyri"]
[Date "2019.05.26"]
[Round "3.8"]
[White "Petursson, Gudni"]
[Black "Jonsson, Stefan G"]
[Result "1-0"]
[WhiteElo "2045"]
[BlackElo "1568"]
[Annotator "NA RC"]
[PlyCount "69"]
[EventDate "2019.05.25"]
[EventType "swiss"]
[EventCountry "ISL"]
[SourceTitle "playchess.com"]
[Source "ChessBase"]
[SourceQuality "1"]
[TimeControl "40/5400+30:1800+30"]

1. c4 {[%emt 0:00:00]} f5 {[%emt 0:00:00]} 2. g3 {[%emt 0:00:19]} Nf6 {[%emt 0:00:00]} 3. Bg2 {[%emt 0:00:06]} e6 {[%emt 0:00:01]} 4. b3 {[%emt 0:00:43]} Be7 {[%emt 0:00:14]} 5. Bb2 {[%emt 0:00:07]} O-O {[%emt 0:00:10]} 6. Nf3 {[%emt 0:00:32]} c6 {[%emt 0:00:36]} 7. O-O {[%emt 0:00:09]} a5 {[%emt 0:00:18]} 8. a3 {[%emt 0:00:16]} d6 {[%emt 0:01:44]} 9. d4 {[%emt 0:00:32]} Qc7 {[%emt 0:02:58]} 10. Nc3 {[%emt 0:00:51]} Bd7 {[%emt 0:04:49]} 11. Rc1 {[%emt 0:02:01]} Rd8 {[%emt 0:03:09]} 12. Qc2 {[%emt 0:00:23]} c5 {[%emt 0:03:38]} 13. e4 {[%emt 0:00:28]} fxe4 {[%emt 0:03:16]} 14. Nxe4 {[%emt 0:02:47]} cxd4 {[%emt 0:03:40]} 15. Nxd4 {[%emt 0:00:46]} e5 {[%emt 0:02:01]} 16. Nxf6+ {[%emt 0:01:44]} Bxf6 {[%emt 0:00:33]} 17. Bd5+ {[%emt 0:00:39]} Kh8 {[%emt 0:01:12]} 18. Nb5 {[%emt 0:01:35]} Qb6 {[%emt 0:01:59]} 19. a4 {[%emt 0:00:42]} Na6 {[%emt 0:00:41]} 20. Kg2 {[%emt 0:05:03]} Rac8 {[%emt 0:02:05]} 21. Ba3 {[%emt 0:00:43]} Nc5 {[%emt 0:04:45]} 22. f4 {[%emt 0:01:26]} Bc6 {[%emt 0:04:39]} 23. Rcd1 {[%emt 0:00:26]} Re8 {[%emt 0:01:53]} 24. Nxd6 {[%emt 0:00:43]} Qxb3 {[%emt 0:03:51]} 25. Qxb3 {[%emt 0:00:13]} Nxb3 {[%emt 0:00:07]} 26. Nxe8 {[%emt 0:00:26]} Rxe8 {[%emt 0:03:46]} 27. Bxc6 {[%emt 0:00:08]} bxc6 {[%emt 0:00:10]} 28. fxe5 {[%emt 0:00:40]} Rxe5 {[%emt 0:05:38]} 29. Rfe1 {[%emt 0:00:52]} Rxe1 {[%emt 0:01:58]} 30. Rxe1 {[%emt 0:00:03]} h6 {[%emt 0:00:11]} 31. Re8+ {[%emt 0:00:44]} Kh7 {[%emt 0:00:08]} 32. Rc8 {[%emt 0:00:25]} Nd4 {[%emt 0:01:17]} 33. Bb2 {[%emt 0:00:24]} c5 {[%emt 0:01:50]} 34. Rxc5 {[%emt 0:00:36]} Nb3 {[%emt 0:00:01]} 35. Rb5 {[%emt 0:00:13]} 1-0

[Event "Icelandic Open 2019"]
[Site "Akureyri"]
[Date "2019.05.26"]
[Round "3.9"]
[White "Sigurdarson, Tomas Veigar"]
[Black "Pupols, Viktors"]
[Result "1/2-1/2"]
[WhiteElo "1994"]
[BlackElo "2023"]
[Annotator "NA RC"]
[PlyCount "69"]
[EventDate "2019.05.25"]
[EventType "swiss"]
[EventCountry "ISL"]
[SourceTitle "playchess.com"]
[Source "ChessBase"]
[SourceQuality "1"]
[TimeControl "40/5400+30:1800+30"]

1. e4 {[%emt 0:00:00]} c6 {[%emt 0:00:00]} 2. d4 {[%emt 0:00:00]} d5 {[%emt 0:00:00]} 3. exd5 {[%emt 0:00:00]} cxd5 {[%emt 0:00:00]} 4. Bd3 {[%emt 0:00:00]} Nc6 {[%emt 0:00:00]} 5. c3 {[%emt 0:00:09]} Nf6 {[%emt 0:00:20]} 6. Bf4 {[%emt 0:00:14]} Bg4 {[%emt 0:01:31]} 7. Qb3 {[%emt 0:00:07]} Qc8 {[%emt 0:00:04]} 8. Nd2 {[%emt 0:00:26]} e6 {[%emt 0:00:23]} 9. Ngf3 {[%emt 0:00:28]} Be7 {[%emt 0:00:30]} 10. O-O {[%emt 0:00:33]} O-O {[%emt 0:00:22]} 11. Ne5 {[%emt 0:07:38]} Bh5 {[%emt 0:09:00]} 12. Ndf3 {[%emt 0:05:42]} Nxe5 {[%emt 0:08:24]} 13. Nxe5 {[%emt 0:01:43]} Bg6 {[%emt 0:11:27]} 14. Qc2 {[%emt 0:01:27]} Bxd3 {[%emt 0:03:52]} 15. Qxd3 {[%emt 0:00:22]} Ne4 {[%emt 0:01:53]} 16. f3 {[%emt 0:03:43]} Nd6 {[%emt 0:01:01]} 17. Rfe1 {[%emt 0:02:59]} Nc4 {[%emt 0:01:48]} 18. Re2 {[%emt 0:03:06]} Nxe5 {[%emt 0:02:20]} 19. Rxe5 {[%emt 0:01:59]} Re8 {[%emt 0:12:20]} 20. Rh5 {[%emt 0:01:05]} g6 {[%emt 0:00:06]} 21. Rh3 {[%emt 0:00:18]} Qd7 {[%emt 0:06:26]} 22. Qe3 {[%emt 0:02:08]} f6 {[%emt 0:01:00]} 23. Re1 {[%emt 0:03:42]} Bf8 {[%emt 0:04:19]} 24. g4 {[%emt 0:07:22]} Rac8 {[%emt 0:06:50]} 25. Kg2 {[%emt 0:00:32]} e5 {[%emt 0:01:42]} 26. dxe5 {[%emt 0:02:32]} fxe5 {[%emt 0:00:09]} 27. Bxe5 {[%emt 0:01:47]} Bg7 {[%emt 0:02:53]} 28. Qg5 {[%emt 0:01:39]} Bxe5 {[%emt 0:01:28]} 29. Rxe5 {[%emt 0:02:03]} Rxe5 {[%emt 0:00:04]} 30. Qxe5 {[%emt 0:00:07]} Re8 {[%emt 0:00:02]} 31. Qf4 {[%emt 0:00:50]} Re2+ {[%emt 0:00:28]} 32. Kg3 {[%emt 0:00:14]} Rxb2 {[%emt 0:02:00]} 33. Qb8+ {[%emt 0:00:10]} Kg7 {[%emt 0:00:20]} 34. Qe5+ {[%emt 0:00:07]} Kg8 {[%emt 0:00:16]} 35. Qb8+ {[%emt 0:00:10]} 1/2-1/2

[Event "Icelandic Open 2019"]
[Site "Akureyri"]
[Date "2019.05.26"]
[Round "3.10"]
[White "Kjartansson, Gudmundur"]
[Black "Johannsdottir, Johanna Bjorg"]
[Result "1-0"]
[WhiteElo "2454"]
[BlackElo "1908"]
[Annotator "TA"]
[PlyCount "73"]
[EventDate "2019.05.25"]
[EventType "swiss"]
[EventCountry "ISL"]
[SourceTitle "playchess.com"]
[Source "ChessBase"]
[SourceQuality "1"]

{[%evp 9,73,14,37,18,91,76,76,57,166,155,148,142,150,147,162,112,118,121,116,95,95,86,107,97,107,104,123,93,108,111,128,118,158,59,56,53,50,67,66,66,78,70,63,0,86,85,126,100,100,87,137,109,109,102,128,110,115,110,135,114,210,209,233,154,175,169]} 1. e4 c5 2. Nf3 g6 3. d4 cxd4 4. Qxd4 Nf6 5. Nc3 Nc6 6. Qa4 {B27: Sicilian: 2 Nf3, unusual Black 2nd moves} Bg7 (6... d6 $11) (6... d6 7. e5 dxe5 8. Nxe5 Bd7 9. Nxd7 Qxd7 10. Be2 Bg7 11. O-O O-O 12. Rd1 Qf5 13. Bd3 Qh5 14. Qb5 Qxb5 15. Bxb5 Nb4 16. Ba4 {1-0 (60) Guseinov,G (2664)-Gordievsky,D (2614) St Petersburg 2018}) 7. e5 $16 Ng8 8. Bf4 {White is better.} Nh6 {[#]} (8... f6 $1 $14) 9. h3 $1 $18 O-O {[#]} 10. O-O-O $1 b6 11. Ba6 $146 ({Predecessor:} 11. Ne4 Bb7 12. Neg5 Qc8 13. Bc4 a6 {1-0 (39) Bashylina,L (1817)-Dubovyk,A (1721) Riga 2018}) 11... Kh8 12. Rd2 Bxa6 13. Qxa6 f6 {[%cal Rf6e5]} 14. exf6 Rxf6 15. Bg5 Re6 16. Qb7 Bxc3 17. bxc3 ({Reject} 17. Rxd7 $6 Qe8 $11) 17... Nf7 {White should prevent ...Nd6.} 18. Qxd7 Qxd7 19. Rxd7 Nxg5 20. Nxg5 Re2 21. Rd2 (21. Rc7 $16 Na5 22. Rf1) 21... Rxd2 $14 22. Kxd2 {[%mdl 4096] Endgame KRN-KRN} Rd8+ 23. Kc1 {Strongly threatening Nf7+.} Rd5 24. Ne4 Ne5 25. Rd1 Ra5 26. Kb2 (26. Rd4 $1 $14) 26... Nc4+ (26... Rb5+ $1 $11 27. Kc1 Ra5) 27. Kb3 $16 b5 28. Nd2 Ra3+ 29. Kb4 Rxa2 30. Nxc4 bxc4 {KR-KR} 31. Rd2 ({Don't play} 31. Kxc4 Rxc2 32. Kb3 Rxf2 $14) 31... a5+ 32. Kxc4 Rb2 33. Kd3 a4 34. Rd1 a3 (34... Rb8 $16) 35. Ra1 $18 {White is clearly better.} a2 36. Kd2 Kg8 37. Kc1 {Accuracy: White = 51%, Black = 39%.} 1-0

[Event "Icelandic Open 2019"]
[Site "Akureyri"]
[Date "2019.05.26"]
[Round "3.11"]
[White "Finnbogadottir, Tinna Kristin"]
[Black "Sarkar, Justin"]
[Result "0-1"]
[WhiteElo "1855"]
[BlackElo "2358"]
[Annotator "NA RC"]
[PlyCount "69"]
[EventDate "2019.05.25"]
[EventType "swiss"]
[EventCountry "ISL"]
[SourceTitle "playchess.com"]
[Source "ChessBase"]
[SourceQuality "1"]
[TimeControl "40/5400+30:1800+30"]

1. e4 {[%emt 0:00:00]} e5 {[%emt 0:00:36]} 2. d4 {[%emt 0:00:00]} exd4 {[%emt 0:00:07]} 3. Nf3 {[%emt 0:00:00]} Bb4+ {[%emt 0:01:29]} 4. c3 {[%emt 0:04:51]} dxc3 {[%emt 0:00:06]} 5. bxc3 {[%emt 0:00:05]} Bc5 {[%emt 0:01:10]} 6. Bc4 {[%emt 0:00:51]} d6 {[%emt 0:01:48]} 7. Ng5 {[%emt 0:14:20]} Nh6 {[%emt 0:01:05]} 8. O-O {[%emt 0:01:00]} Nc6 {[%emt 0:00:55]} 9. Bf4 {[%emt 0:04:29]} Ne5 {[%emt 0:01:56]} 10. Bxe5 {[%emt 0:04:30]} Qxg5 {[%emt 0:00:20]} 11. Bd4 {[%emt 0:00:10]} Ng4 {[%emt 0:04:14]} 12. Nd2 {[%emt 0:08:43]} Qf4 {[%emt 0:17:09]} 13. Nf3 {[%emt 0:01:32]} O-O {[%emt 0:01:15]} 14. Qd3 {[%emt 0:05:45]} Nf6 {[%emt 0:04:52]} 15. Bxc5 {[%emt 0:03:59]} dxc5 {[%emt 0:00:07]} 16. e5 {[%emt 0:00:57]} Bf5 {[%emt 0:02:31]} 17. Qe2 {[%emt 0:05:53]} Ne4 {[%emt 0:01:03]} 18. Rac1 {[%emt 0:02:40]} Rad8 {[%emt 0:02:05]} 19. g3 {[%emt 0:01:19]} Qg4 {[%emt 0:00:50]} 20. Rfd1 {[%emt 0:04:54]} Rxd1+ {[%emt 0:02:00]} 21. Qxd1 {[%emt 0:01:32]} Nxf2 {[%emt 0:01:04]} 22. Bxf7+ {[%emt 0:00:14]} Rxf7 {[%emt 0:00:12]} 23. Kxf2 {[%emt 0:01:58]} Be4 {[%emt 0:00:15]} 24. e6 {[%emt 0:05:10]} Rxf3+ {[%emt 0:00:15]} 25. Kg1 {[%emt 0:00:20]} Rxg3+ {[%emt 0:00:09]} 26. hxg3 {[%emt 0:00:12]} Qxg3+ {[%emt 0:00:05]} 27. Kf1 {[%emt 0:00:22]} Bg2+ {[%emt 0:02:11]} 28. Ke2 {[%emt 0:00:18]} Bf3+ {[%emt 0:00:06]} 29. Kf1 {[%emt 0:00:19]} Qg2+ {[%emt 0:00:41]} 30. Ke1 {[%emt 0:00:07]} Qg1+ {[%emt 0:00:09]} 31. Kd2 {[%emt 0:00:07]} Qf2+ {[%emt 0:00:10]} 32. Kd3 {[%emt 0:00:17]} Bxd1 {[%emt 0:00:21]} 33. Rxd1 {[%emt 0:00:05]} c4+ {[%emt 0:00:04]} 34. Ke4 {[%emt 0:00:19]} Qe2+ {[%emt 0:00:07]} 35. Kd4 {[%emt 0:00:12]} 0-1

[Event "Icelandic Open 2019"]
[Site "Akureyri"]
[Date "2019.05.26"]
[Round "3.12"]
[White "Thorhallsson, Simon"]
[Black "Eiriksson, Sigurdur"]
[Result "1-0"]
[WhiteElo "2184"]
[BlackElo "1811"]
[Annotator "NA"]
[PlyCount "39"]
[EventDate "2019.05.25"]
[EventType "swiss"]
[EventCountry "ISL"]
[SourceTitle "playchess.com"]
[Source "ChessBase"]
[SourceQuality "1"]
[TimeControl "40/5400+30:1800+30"]

1. d4 {[%emt 0:00:00]} Nf6 {[%emt 0:00:00]} 2. c4 {[%emt 0:00:00]} g6 {[%emt 0:00:09]} 3. f3 {[%emt 0:00:00]} Bg7 {[%emt 0:00:13]} 4. e4 {[%emt 0:00:00]} d6 {[%emt 0:00:10]} 5. Nc3 {[%emt 0:00:00]} O-O {[%emt 0:00:08]} 6. Be3 {[%emt 0:00:00]} a6 {[%emt 0:00:11]} 7. Qd2 {[%emt 0:00:06]} c6 {[%emt 0:01:18]} 8. Nge2 {[%emt 0:00:47]} b5 {[%emt 0:00:20]} 9. Nf4 {[%emt 0:07:40]} e5 {[%emt 0:04:27]} 10. dxe5 {[%emt 0:02:44]} dxe5 {[%emt 0:00:36]} 11. Qxd8 {[%emt 0:00:15]} Rxd8 {[%emt 0:00:13]} 12. Nd3 {[%emt 0:00:12]} Be6 {[%emt 0:04:53]} 13. Nc5 {[%emt 0:03:57]} Bxc4 {[%emt 0:05:17]} 14. Bxc4 {[%emt 0:00:42]} bxc4 {[%emt 0:00:09]} 15. N3a4 {[%emt 0:01:07]} Nbd7 {[%emt 0:01:19]} 16. O-O-O {[%emt 0:00:19]} Nxc5 {[%emt 0:02:41]} 17. Nxc5 {[%emt 0:00:19]} Bf8 {[%emt 0:02:20]} 18. Kc2 {[%emt 0:01:13]} Bxc5 {[%emt 0:01:47]} 19. Bxc5 {[%emt 0:00:06]} Nd7 {[%emt 0:01:26]} 20. Be7 {[%emt 0:00:07]} 1-0

[Event "Icelandic Open 2019"]
[Site "Akureyri"]
[Date "2019.05.26"]
[Round "3.13"]
[White "Ptacnikova, Lenka"]
[Black "Leosson, Atli Johann"]
[Result "1-0"]
[WhiteElo "2145"]
[BlackElo "1790"]
[Annotator "NA RC"]
[PlyCount "83"]
[EventDate "2019.05.25"]
[EventType "swiss"]
[EventCountry "ISL"]
[SourceTitle "playchess.com"]
[Source "ChessBase"]
[SourceQuality "1"]
[TimeControl "40/5400+30:1800+30"]

1. e4 {[%emt 0:00:00]} e5 {[%emt 0:00:00]} 2. Nf3 {[%emt 0:00:00]} Nc6 {[%emt 0:00:00]} 3. Bb5 {[%emt 0:00:00]} a6 {[%emt 0:00:03]} 4. Bxc6 {[%emt 0:00:03]} dxc6 {[%emt 0:00:19]} 5. Nc3 {[%emt 0:00:10]} Bd6 {[%emt 0:01:27]} 6. d4 {[%emt 0:00:38]} Qe7 {[%emt 0:05:14]} 7. dxe5 {[%emt 0:06:05]} Bxe5 {[%emt 0:00:18]} 8. Nxe5 {[%emt 0:00:35]} Qxe5 {[%emt 0:00:12]} 9. Be3 {[%emt 0:06:46]} Nf6 {[%emt 0:09:51]} 10. Qd4 {[%emt 0:08:04]} Qxd4 {[%emt 0:11:05]} 11. Bxd4 {[%emt 0:00:04]} Be6 {[%emt 0:02:36]} 12. O-O-O {[%emt 0:05:20]} O-O-O {[%emt 0:01:08]} 13. f3 {[%emt 0:01:11]} Rhg8 {[%emt 0:07:15]} 14. Rd2 {[%emt 0:04:15]} Nd7 {[%emt 0:10:48]} 15. Rhd1 {[%emt 0:00:33]} f6 {[%emt 0:00:37]} 16. Ne2 {[%emt 0:03:31]} c5 {[%emt 0:11:57]} 17. Be3 {[%emt 0:02:52]} b6 {[%emt 0:00:17]} 18. Nf4 {[%emt 0:01:16]} Bf7 {[%emt 0:00:22]} 19. Nd5 {[%emt 0:01:14]} Bxd5 {[%emt 0:01:51]} 20. Rxd5 {[%emt 0:00:12]} Ne5 {[%emt 0:01:32]} 21. Bf4 {[%emt 0:02:46]} Ng6 {[%emt 0:01:43]} 22. Bg3 {[%emt 0:00:25]} Rxd5 {[%emt 0:03:17]} 23. Rxd5 {[%emt 0:00:20]} Re8 {[%emt 0:01:36]} 24. Kd2 {[%emt 0:01:19]} Ne7 {[%emt 0:01:10]} 25. Rd3 {[%emt 0:00:55]} Nc6 {[%emt 0:00:19]} 26. c3 {[%emt 0:01:37]} Ne5 {[%emt 0:03:18]} 27. Bxe5 {[%emt 0:00:04]} Rxe5 {[%emt 0:00:49]} 28. Ke3 {[%emt 0:04:08]} Re7 {[%emt 0:03:32]} 29. Kf4 {[%emt 0:03:26]} g6 {[%emt 0:02:59]} 30. g4 {[%emt 0:02:09]} h6 {[%emt 0:03:36]} 31. Rd5 {[%emt 0:05:46]} Re6 {[%emt 0:02:28]} 32. h4 {[%emt 0:02:21]} c6 {[%emt 0:00:52]} 33. Rd2 {[%emt 0:00:48]} Kc7 {[%emt 0:00:16]} 34. h5 {[%emt 0:02:30]} gxh5 {[%emt 0:02:40]} 35. Kf5 {[%emt 0:00:56]} Re5+ {[%emt 0:04:29]} 36. Kxf6 {[%emt 0:00:07]} Rg5 {[%emt 0:00:11]} 37. gxh5 {[%emt 0:01:04]} Rxh5 {[%emt 0:00:11]} 38. e5 {[%emt 0:01:05]} Rh3 {[%emt 0:01:05]} 39. f4 {[%emt 0:02:00]} b5 {[%emt 0:00:23]} 40. e6 {[%emt 0:00:00]} Re3 {[%emt 0:00:00]} 41. e7 {[%emt 0:01:09]} a5 {[%emt 0:00:57]} 42. Rd8 {[%emt 0:00:46]} 1-0

[Event "Icelandic Open 2019"]
[Site "Akureyri"]
[Date "2019.05.26"]
[Round "3.14"]
[White "Hardarson, Petur Palmi"]
[Black "Karlsson, Mikael Johann"]
[Result "1/2-1/2"]
[WhiteElo "1847"]
[BlackElo "2146"]
[Annotator "NA RC"]
[PlyCount "133"]
[EventDate "2019.05.25"]
[EventType "swiss"]
[EventCountry "ISL"]
[SourceTitle "playchess.com"]
[Source "ChessBase"]
[SourceQuality "1"]
[TimeControl "40/5400+30:1800+30"]

1. d4 {[%emt 0:00:01]} Nf6 {[%emt 0:00:00]} 2. c4 {[%emt 0:00:14]} e6 {[%emt 0:00:00]} 3. Nf3 {[%emt 0:00:19]} d5 {[%emt 0:00:44]} 4. Nc3 {[%emt 0:00:34]} c6 {[%emt 0:00:06]} 5. Bg5 {[%emt 0:00:50]} Nbd7 {[%emt 0:00:05]} 6. e3 {[%emt 0:00:32]} Qa5 {[%emt 0:00:12]} 7. cxd5 {[%emt 0:03:29]} Nxd5 {[%emt 0:00:09]} 8. Rc1 {[%emt 0:00:38] D52: Queen's Gambit Declined: Cambridge Springs Variation} Bb4 {[%emt 0:01:43]} (8... Nxc3 9. bxc3 Ba3 10. Rc2 b6 11. Be2 Ba6 12. O-O Bxe2 13. Rxe2 O-O 14. Qc2 c5 15. d5 exd5 {½-½ (68) Yu,Y (2764)-Dreev,A (2670) chess.com INT 2019}) 9. a3 {[%emt 0:00:53]} Bxc3+ {[%emt 0:02:08]} 10. bxc3 {[%emt 0:00:12]} Qxa3 {[%emt 0:00:12]} 11. Qc2 {[%emt 0:03:42]} h6 {[%emt 0:01:46]} 12. Bh4 {[%emt 0:00:42]} c5 $146 {[%emt 0:02:48]} ({Predecessor:} 12... O-O 13. Bd3 Re8 14. Bg3 b6 15. e4 N5f6 {½-½ (28) Oatlhotse,P (2226)-Gaealafshwe,B (2161) Gaborone 2010}) 13. Be2 {[%emt 0:10:01]} cxd4 {[%emt 0:03:27]} 14. cxd4 {[%emt 0:00:43]} Qa5+ {[%emt 0:02:56]} 15. Nd2 {[%emt 0:00:59]} O-O {[%emt 0:00:05]} 16. O-O {[%emt 0:00:46]} b5 {[%emt 0:01:44]} 17. Ra1 {[%emt 0:21:40]} Qb6 {[%emt 0:13:25]} 18. Rfb1 {[%emt 0:02:07]} Ba6 {[%emt 0:09:52]} 19. Rb3 {[%emt 0:09:03]} Rfc8 {[%emt 0:05:26]} 20. Qb2 {[%emt 0:03:11]} Rab8 {[%emt 0:03:48]} 21. Bg3 {[%emt 0:06:53]} e5 {[%emt 0:01:59]} 22. Rba3 {[%emt 0:06:19]} Nc3 {[%emt 0:12:23]} 23. Bg4 {[%emt 0:03:23]} Na4 {[%emt 0:01:14]} 24. Qb4 {[%emt 0:03:30]} Rd8 {[%emt 0:02:19]} 25. Bxd7 {[%emt 0:08:02]} Rxd7 {[%emt 0:00:39]} 26. Nf3 {[%emt 0:01:23]} e4 {[%emt 0:02:22]} 27. Bxb8 {[%emt 0:01:07]} exf3 {[%emt 0:00:04]} 28. Bg3 {[%emt 0:00:33]} Qg6 {[%emt 0:03:50]} 29. Rc1 {[%emt 0:02:07]} h5 {[%emt 0:00:50]} 30. h4 {[%emt 0:01:15]} fxg2 {[%emt 0:01:59]} 31. Qa5 {[%emt 0:02:40]} Kh7 {[%emt 0:04:33]} 32. Raa1 {[%emt 0:00:59]} Qe6 {[%emt 0:01:39]} 33. Rc7 {[%emt 0:01:46]} Qh3 {[%emt 0:00:59]} 34. Bh2 {[%emt 0:00:06] [#]} Bb7 $1 {[%emt 0:02:18]} 35. Rxd7 {[%emt 0:01:04]} Qxd7 {[%emt 0:00:04]} 36. Qxa7 {[%emt 0:01:02]} Nc3 {[%emt 0:00:54]} 37. Re1 {[%emt 0:01:04] [#]} Ne4 $1 {[%emt 0:02:05]} 38. Qa2 {[%emt 0:02:08]} Qf5 {[%emt 0:02:08]} 39. Qe2 {[%emt 0:01:01]} Nc3 {[%emt 0:01:56]} 40. Qd2 {[%emt 0:00:00]} b4 {[%emt 0:00:00]} 41. Qb2 {[%emt 0:08:07]} Ne4 {[%emt 0:19:51]} 42. f3 {[%emt 0:07:53]} Qxf3 {[%emt 0:00:05]} 43. Qxg2 {[%emt 0:00:46]} Qxg2+ {[%emt 0:00:14]} (43... Nd2 $2 44. Qxf3 Nxf3+ 45. Kf2 $19) 44. Kxg2 {[%emt 0:00:09]} Nc3+ $2 {[%emt 0:00:03]} (44... b3 $19 45. d5 f6) 45. d5 {[%emt 0:06:27]} Bxd5+ {[%emt 0:01:26]} 46. Kg1 {[%emt 0:03:14]} f6 {[%emt 0:02:57]} 47. Bd6 {[%emt 0:00:37]} b3 $15 {[%emt 0:00:04]} 48. Ba3 {[%emt 0:00:24]} Bf3 {[%emt 0:01:01]} 49. Kf2 {[%emt 0:02:13]} Bg4 {[%emt 0:02:59]} 50. Kg3 {[%emt 0:03:40]} Nd1 {[%emt 0:02:43]} 51. Kf4 {[%emt 0:00:26]} Kh6 {[%emt 0:01:12]} 52. e4 {[%emt 0:00:53]} g5+ {[%emt 0:02:17]} 53. Kg3 {[%emt 0:00:40]} Kg6 {[%emt 0:05:27]} 54. e5 {[%emt 0:00:58]} fxe5 {[%emt 0:01:20]} 55. Rxe5 {[%emt 0:00:12]} gxh4+ {[%emt 0:05:09]} 56. Kxh4 {[%emt 0:00:12]} Nf2 {[%emt 0:01:04]} 57. Rb5 {[%emt 0:00:58]} Bd1 {[%emt 0:00:11]} 58. Bb2 {[%emt 0:01:56]} Nd3 {[%emt 0:00:34]} 59. Bc3 {[%emt 0:00:14]} Kf7 {[%emt 0:01:13]} 60. Rb6 {[%emt 0:00:35]} Ke7 {[%emt 0:00:15]} 61. Bd4 {[%emt 0:00:19]} Kd7 {[%emt 0:00:38]} 62. Kg5 {[%emt 0:00:22]} Kc7 {[%emt 0:00:18]} 63. Kh4 {[%emt 0:00:30]} Ne1 {[%emt 0:02:37]} 64. Bf2 {[%emt 0:01:37]} Nd3 {[%emt 0:00:30]} 65. Bd4 {[%emt 0:00:12]} Ne5 {[%emt 0:01:25]} 66. Rxb3 {[%emt 0:01:23]} Nf3+ {[%emt 0:00:20]} 67. Rxf3 {[%emt 0:00:15]} 1/2-1/2